000 00791nam a2200205Ii 4500
003 JO-AjNU
008 230605s9999||||xx |||||||||||||| ||und||
040 _aJO-AjNU
_bara
_erda
_cJO-AjNU
041 _aara
050 1 4 _aBP144.S2464.1986
100 3 _aالسالوس، علي احمد,
_eauthor
_964170
245 0 0 _aالمعاملات المالية المعاصرة في ضوء الشريعة الاسلامية
250 _aط1
264 3 1 _aالكويت: مكتبة الفلاح، 1986
300 _a435ص
_bيحتوي على آيات قرآنية واحاديث نبوية
336 _atext
_btxt
_2rdacontent
337 _aunmediated
_bn
_2rdamedia
338 _avolume
_bnc
_2rdacarrier
650 4 _aالبنوك الاسلامية-المعاملات-فقه اسلامي
_964171
999 _aA29146
_c32714
_d32714